DAC-tarolás a kezdőknél

Bibliographic Details
Main Author: Ágh, István, 1949- (Author)
Format: Article
Language:Hungarian
PhysicalDescription:Fotogr.
ISSN:1335-7050
Subjects:

MARC

LEADER 00000nab a2200000 a 4500
001 vtls011507636
003 SK-MaSNL
005 20260318140223.0
008 160224c20160224xo d| | 000 0|2hun
015 |a SNBRB2016/02 
038 |a DSZK 
040 |a DSZK  |b slo  |c DSZK  |e AACR2 
041 0 |a hun 
044 |a xo  |c SK 
080 |a 796.332.093.42  |x (437.6)  |2 2001 
100 1 |a Ágh, István,  |d 1949-  |4 aut  |9 867680 
245 1 0 |a DAC-tarolás a kezdőknél  |c Ágh István 
300 |b Fotogr. 
611 2 7 |a Halový turnaj O putovný pohár predsedu Oblastného futbalového zväzu Dunajská Streda  |n (26. :  |d 2016 :  |c Topoľníky, Slovensko)  |2 dszk  |9 1106000 
648 7 |a 2016  |2 dszk  |9 339798 
650 0 7 |a futsal  |2 SNKPH  |9 30002 
650 0 7 |a prípravkári  |2 dszk  |9 1106338 
651 7 |a Topoľníky (Slovensko)  |2 SNKPH  |9 26166 
773 0 |t Új szó  |g Évf. 69, sz. 45 (2016.2.24), o. 27  |x 1335-7050 
852 |a DSZK  |b KIS3GCP 
958 |a HU 
958 |a SK 
999 |c 1819798  |d 1821728